00406nam a2200157Ia 450000500170000000800410001702000220005804100120008008200180009210000260011024500550013625000080019126000220019950000080022165000190022920240823052854.0240823s9999||||xx |||||||||||||| ||und|| a978-81-321-1617-2 aENGLISH A371.200973 Q4 a"Swanson,Judy et al." 0aTeacher Leader Stories : The Power of Case Methods a1st c2014bSage Advant aYES aStorybGeneral